| 000 | 00389 a2200169 4500 | ||
|---|---|---|---|
| 001 | 49643 | ||
| 020 | _a8516030970 | ||
| 040 | _cAnchieta - Bela Vista | ||
| 100 | _aBandeira, Pedro | ||
| 240 | 1 | 0 |
_aMais respeito, eu sou criança! _lpor |
| 245 | 1 | 0 | _aMais respeito, eu sou criança! |
| 300 | _a79 | ||
| 362 | 0 | _a2002 | |
| 440 | 1 | _aModerna | |
| 650 | 4 | _aLiteratura juvenil | |
| 942 | _cBK | ||
| 999 |
_c49643 _d49643 |
||